[Event "29th IND-ch U17 Girls 2018"]
[Site "Sonipat"]
[Date "2018.09.06"]
[Round "4"]
[White "Tarini Goyal"]
[Black "Tejasvi M"]
[Result "1/2-1/2"]
[WhiteElo "2072"]
[BlackElo "1747"]
[Annotator "NA RC"]
[PlyCount "64"]
[EventDate "2018.09.05"]
[EventCountry "IND"]
[SourceTitle "playchess.com"]
[Source "ChessBase"]
[SourceQuality "1"]

1. d4 Nf6 2. c4 e6 3. g3 d5 4. Nf3 Bb4+ 5. Bd2 Be7 6. Bg2 O-O 7. O-O c6 8. Qc2 b6 9. Rd1 Ba6 10. b3 Nbd7 11. Nc3 {E15: Damenindisch (Hauptfortsetzung, Abweichungen)} (11. a4 Qc8 12. Na3 c5 13. cxd5 Nxd5 14. Nc4 Bb7 15. dxc5 Nxc5 16. Rac1 Nf6 17. b4 Nce4 18. Be1 Qe8 19. Ng5 Nxg5 20. Bxb7 {1-0 (35) Matlakov,M (2704)-Zhou,J (2624) Qinhuangdao 2018}) 11... dxc4 {LiveBook: 4 Games} 12. Ne5 Nxe5 13. dxe5 Nd5 14. bxc4 Bxc4 15. Qe4 $146 ({Better is} 15. Be1 $15) ({Vorgänger:} 15. Bf4 b5 16. Ne4 g5 17. Bd2 Bxe2 18. Re1 Bc4 {½-½ (36) Busek,A-Czukor,J ICCF corr 2001}) 15... Nxc3 16. Bxc3 Bd5 17. Qg4 Qc8 18. e4 Bc4 19. f4 f5 20. exf6 Bxf6 21. e5 Be7 22. f5 Bd5 23. f6 Bc5+ 24. Bd4 Bxd4+ 25. Rxd4 Rf7 26. Rc1 Qe8 27. Bxd5 cxd5 28. Qg5 $17 (28. Rd3 $11 {remains equal.}) 28... Rc8 29. Rxc8 Qxc8 30. Rg4 Qf8 31. Kg2 Kh8 32. Rf4 Kg8 1/2-1/2

[Event "29th IND-ch U17 Girls 2018"]
[Site "Sonipat"]
[Date "2018.09.06"]
[Round "4"]
[White "Priyanka, Kumari"]
[Black "Jyothsna L"]
[Result "*"]
[WhiteElo "2005"]
[BlackElo "1964"]
[Annotator "NA RC"]
[PlyCount "21"]
[EventDate "2018.09.05"]
[EventCountry "IND"]
[SourceTitle "playchess.com"]
[Source "ChessBase"]
[SourceQuality "1"]

1. e4 c6 2. Nc3 d5 3. Nf3 Bg4 4. h3 Bxf3 5. Qxf3 e6 6. Be2 Nf6 7. d3 Nbd7 8. O-O Be7 9. d4 O-O 10. Rd1 Bb4 11. exd5 *

[Event "29th IND-ch U17 Girls 2018"]
[Site "Sonipat"]
[Date "2018.09.06"]
[Round "4"]
[White "Sanskriti Goyal"]
[Black "Harshini A"]
[Result "0-1"]
[WhiteElo "1965"]
[BlackElo "2160"]
[Annotator "TA"]
[PlyCount "102"]
[EventDate "2018.09.05"]
[EventCountry "IND"]
[SourceTitle "playchess.com"]
[Source "ChessBase"]
[SourceQuality "1"]

{[%evp 19,102,5,5,0,8,13,13,12,12,10,17,11,17,14,29,25,30,24,25,34,23,23,26,26,43,30,40,21,83,83,91,91,112,77,93,60,57,12,17,13,12,7,14,14,20,13,12,0,0,0,0,0,0,0,0,0,0,0,0,-9,0,0,0,0,0,0,0,-6,-7,-5,-6,-137,-123,-184,-187,-214,-214,-214,-216,-426,-421,-576,-572,-529,-460]} 1. d4 Nf6 2. c4 e6 3. Nc3 Bb4 4. e3 d5 5. Nge2 O-O 6. a3 Be7 7. Ng3 b6 8. cxd5 {E46: Nimzo-Indian: Rubinstein: 4 e3 0-0 5 Ne2 without early Bd3} exd5 9. b4 c5 10. bxc5 bxc5 {LiveBook: 3 Games} 11. dxc5 Bxc5 12. Be2 Be6 13. O-O Nc6 {[#]} 14. Bb2 $146 ({Predecessor:} 14. Nb5 a6 15. Nd4 Nxd4 {½-½ (15) Saric,A (2502)-Cvitan,O (2523) Stari Mikanovci 2009}) 14... Rb8 15. Qc2 Na5 16. Rfd1 Qe7 17. Na4 Bd6 18. Nf5 $36 {[%mdl 2048] White is pushing.} Bxf5 19. Qxf5 Qe6 20. Bd3 {Strongly threatening Bxf6.} Qxf5 21. Bxf5 {Hoping for Bxf6.} Be7 22. Be5 Rb7 23. Nc3 Nc4 (23... Nc6 $11 24. Bf4 (24. Nxd5 $2 Nxd5 25. Bxg7 Kxg7 $19) 24... Rd8) 24. Bd4 $16 ({Avoid the trap} 24. Nxd5 $2 Nxd5 25. Bxg7 Kxg7 $19) 24... g6 25. Bd3 Rc8 26. Ra2 Rd7 27. h3 Ne8 28. a4 Bf6 29. Nb5 a6 30. Bxf6 Nxf6 31. Nd4 Rb8 32. Rc1 Rc7 33. f3 Rb4 34. Kf2 a5 35. Nb5 Re7 36. Bxc4 dxc4 37. Nd6 Rc7 38. Rac2 {[%cal Rc2c4]} Rxa4 39. Rxc4 Ra2+ 40. Kg3 Rd7 41. Rd4 {[#] Threatens to win with Rc8+.} Re7 42. Rc3 Re2 43. Rc8+ Kg7 44. Nc4 Ra7 45. f4 {[#]} (45. Rdd8 $11 {keeps the balance.}) 45... a4 $1 $17 {[%cal Ba5a4,Ba4a3,Ba3a2][%mdl 32] White must now prevent ...a3.} 46. Kf3 (46. Rdd8 $17 {keeps fighting.}) 46... Rc2 $19 {aiming for ...a3.} 47. Nb6 Rxc8 48. Nxc8 Ra6 49. e4 $2 (49. Rd1) 49... a3 {Black is clearly winning.} 50. Rd1 a2 51. Ra1 Ra3+ {Precision: White = 45%, Black = 63%.} 0-1

[Event "29th IND-ch U17 Girls 2018"]
[Site "Sonipat"]
[Date "2018.09.06"]
[Round "4"]
[White "Pandey Srishti"]
[Black "Arpita, Mukherjee"]
[Result "1/2-1/2"]
[WhiteElo "1958"]
[BlackElo "2207"]
[Annotator "TA"]
[PlyCount "105"]
[EventDate "2018.09.05"]
[EventCountry "IND"]
[SourceTitle "playchess.com"]
[Source "ChessBase"]
[SourceQuality "1"]

{[%evp 24,105,43,16,56,56,72,64,100,104,92,97,83,54,58,41,50,41,47,40,50,31,45,42,71,20,27,9,71,22,12,11,37,42,57,48,50,42,58,42,45,39,46,51,42,0,0,0,0,0,0,0,0,0,0,0,0,-11,0,0,0,-38,-38,-38,-38,-38,-38,-60,-60,-60,-60,-60,-60,-60,0,0,0,0,0,0,0,0,0,0]} 1. d4 Nf6 2. c4 g6 3. Nc3 Bg7 4. e4 d6 5. Nf3 O-O 6. Be2 Na6 7. O-O e5 8. Be3 Ng4 9. Bg5 Qe8 10. h3 Nf6 11. dxe5 dxe5 12. Be3 b6 {E94: King's Indian: Classical: 6 Be2 e5 7 0-0: Various Black 7th moves} (12... Nh5 13. c5 Nf4 14. Bxa6 bxa6 15. Nd5 Nxd5 16. Qxd5 Bd7 17. Rfe1 Bc6 18. Qc4 a5 19. Bd2 a4 20. Ba5 Rc8 21. Rad1 {½-½ (54) Wojtaszek,R (2741)-McShane,L (2674) Germany 2016}) 13. Qb1 {[#] LiveBook: 7 Games} c6 $146 ({Predecessor:} 13... Nc5 14. Bxc5 bxc5 15. Qd3 Bb7 16. Qe3 Rd8 17. Nd5 Bxd5 18. cxd5 c6 19. dxc6 Qxc6 20. Bd3 {½-½ (31) Rusev,K (2541)-Spasov,V (2598) Borovetz 2008}) 14. b4 Nc7 {White is slightly better.} 15. a4 Nd7 16. a5 Bb7 17. axb6 axb6 18. Rxa8 Qxa8 19. Rd1 Rd8 20. Rd2 {Qd1 is the strong threat.} Ne6 21. Qd1 Qc8 22. c5 bxc5 23. bxc5 Ndf8 24. Bc4 (24. Na4 $16) 24... Rxd2 $1 $11 25. Qxd2 Qd8 (25... Ba6 $11 {remains equal.} 26. Ba2 Qd7) 26. Qxd8 Nxd8 27. Na4 Nde6 28. Nb6 f6 29. Nd2 Kf7 30. Nb3 {[#] Threatens to win with Na5.} Ke7 31. Na5 Nd8 32. f4 Bh6 33. g3 f5 34. Bd3 (34. exf5 {keeps more tension.} exf4 35. gxf4 gxf5 36. Kf2 Nfe6 37. Kf3) 34... exf4 35. gxf4 fxe4 36. Bxe4 Nfe6 37. Nxb7 Nxb7 38. Bxc6 Nbxc5 39. Bxc5+ Nxc5 {[%mdl 4096] Endgame KBN-KBN} 40. Bf3 Ne6 41. Nd5+ Kd6 42. Kg2 (42. Nf6 {looks sharper.} Nxf4 43. Kh2 Ne6 44. Nxh7 Bf4+ 45. Kg1) 42... Bxf4 43. Nxf4 Nxf4+ $15 {KB-KN} 44. Kg3 Ke5 45. h4 h6 46. Bd1 Nd5 47. Bc2 Ne7 48. Kg4 Nf5 (48... Kf6 $1 $15) 49. Bb1 $11 {The position is equal.} Ne7 {[#]} 50. Bxg6 $1 {[%mdl 512]} Nxg6 51. Kh5 Kf6 {Hoping for ...Kg7.} 52. Kxh6 Nf4 53. Kh7 {Precision: White = 67%, Black = 58%.} 1/2-1/2

[Event "29th IND-ch U17 Girls 2018"]
[Site "Sonipat"]
[Date "2018.09.06"]
[Round "4"]
[White "Toshali, V."]
[Black "Mrudul Dehankar"]
[Result "1/2-1/2"]
[WhiteElo "1875"]
[BlackElo "2065"]
[Annotator "NA RC"]
[PlyCount "122"]
[EventDate "2018.09.05"]
[EventCountry "IND"]
[SourceTitle "playchess.com"]
[Source "ChessBase"]
[SourceQuality "1"]

1. d4 Nf6 2. Nf3 e6 3. Bf4 b6 4. e3 Bb7 5. Bd3 c5 6. c3 Be7 {A47: 1 d4 Nf6 2 Nf3 b6: Torre, London and Colle Systems} 7. h3 O-O 8. O-O d6 (8... Nc6 9. Nbd2 d5 10. Qe2 Bd6 11. Rfe1 Ne7 12. Rad1 Ng6 13. Bxg6 hxg6 14. Bxd6 Qxd6 15. Ne5 g5 16. f4 gxf4 17. Rf1 Nd7 {1-0 (30) Carlsen,M (2844)-Tomashevsky,E (2728) Wijk aan Zee 2016 CBM 171 [Nielsen,PH]}) 9. Qe2 {LiveBook: 11 Games} Nbd7 10. e4 cxd4 11. cxd4 Re8 12. Nc3 e5 $146 ({Predecessor:} 12... Bf8 13. Rfd1 g6 14. Rac1 {1-0 (43) Christiansen,L (2575)-Gurevich,D (2475) Philadelphia 1988}) 13. dxe5 dxe5 14. Nxe5 Nxe5 15. Bxe5 Bc5 16. Bg3 Bd4 ({Black should play} 16... Nh5 17. Kh2 Qg5) 17. Rfd1 Qe7 18. Nb5 Rad8 19. Nxd4 Rxd4 20. f3 Nh5 21. Qe3 ({White should play} 21. Bh2 $16) 21... Red8 (21... Rxd3 $1 $11 22. Qxd3 Nxg3) 22. Bf2 Qe5 23. Bc2 Nf4 24. Rxd4 Rxd4 25. Bg3 g5 26. Bxf4 gxf4 27. Qc3 Qd6 28. Re1 Rd2 29. e5 (29. Bb3 $18 Qd4+ 30. Qxd4 Rxd4 31. Rc1) 29... Qc5+ $16 (29... Qxe5 $2 {[%mdl 8192]}) 30. Qxc5 bxc5 31. Bb3 Bd5 32. Bxd5 Rxd5 33. Kf2 Kg7 34. Re4 Rd2+ 35. Re2 Rd5 36. g3 fxg3+ 37. Kxg3 Kg6 38. e6 fxe6 39. Rxe6+ Kf5 40. Rh6 Rd2 {[#]} 41. Rxh7 $16 (41. Rh5+ $1 $18 Ke6 42. Rxc5 (42. Rxh7 Rxb2 43. Rxa7 Rb8 $16)) 41... Rxb2 42. Rh5+ Kg6 43. Rxc5 Rxa2 44. Kg4 Rg2+ 45. Kf4 Ra2 46. h4 Ra4+ 47. Kg3 Ra1 48. h5+ Kh6 49. f4 Rg1+ 50. Kh4 Rh1+ 51. Kg4 Rg1+ 52. Kf5 Rg7 53. Ke6 Rb7 54. Rd5 Rb1 55. Re5 Rb6+ 56. Kf7 Rb7+ 57. Kf6 Rb4 58. f5 Kxh5 59. Kf7 Rb7+ 60. Re7 Rb5 61. f6 Kh6 1/2-1/2

[Event "29th IND-ch U17 Girls 2018"]
[Site "Sonipat"]
[Date "2018.09.06"]
[Round "5"]
[White "Arpita, Mukherjee"]
[Black "Jain Nityata"]
[Result "1-0"]
[WhiteElo "2207"]
[BlackElo "1807"]
[Annotator "NA"]
[PlyCount "57"]
[EventDate "2018.09.05"]
[EventCountry "IND"]
[SourceTitle "playchess.com"]
[Source "ChessBase"]
[SourceQuality "1"]

1. e4 e5 2. Nf3 Nf6 3. Nxe5 d6 4. Nf3 Nxe4 5. Nc3 Nxc3 6. dxc3 Be7 7. Be3 Nc6 8. Qd2 Be6 9. O-O-O a6 10. Kb1 Qd7 11. Nd4 O-O-O 12. Nxe6 fxe6 13. g3 Bf6 14. Bh3 Kb8 15. Qe2 Rhe8 16. f4 Qf7 17. g4 g6 18. Rhf1 Qe7 19. Bg2 Qd7 20. c4 e5 21. f5 gxf5 22. Rxf5 Rf8 23. Bxc6 bxc6 24. c5 e4 25. Qxa6 Bg7 26. cxd6 cxd6 27. Ra5 Qb7 28. Qxb7+ Kxb7 29. Ra7+ 1-0

[Event "29th IND-ch U17 Girls 2018"]
[Site "Sonipat"]
[Date "2018.09.06"]
[Round "5"]
[White "Harshini A"]
[Black "Priyanka, Kumari"]
[Result "1/2-1/2"]
[WhiteElo "2160"]
[BlackElo "2005"]
[Annotator "NA"]
[PlyCount "63"]
[EventDate "2018.09.05"]
[EventCountry "IND"]
[SourceTitle "playchess.com"]
[Source "ChessBase"]
[SourceQuality "1"]

1. e4 c5 2. Nf3 d6 3. Bb5+ Nd7 4. O-O a6 5. Bd3 Ngf6 6. Re1 e5 7. c3 Be7 8. Bc2 b5 9. d4 O-O 10. h3 Qc7 11. Nbd2 Re8 12. Nf1 Bf8 13. a4 Bb7 14. d5 c4 15. Be3 g6 16. Ng3 Bg7 17. Qd2 Nc5 18. Bh6 Bh8 19. Nh4 Rab8 20. Bg5 Bc8 21. axb5 axb5 22. Ra3 Bb7 23. f4 exf4 24. Bxf4 Nfd7 25. Kh2 Ne5 26. Rf1 Bf6 27. Nf3 Nxf3+ 28. Rxf3 Bg7 29. Bh6 Be5 30. Bf4 Bg7 31. Bh6 Be5 32. Bf4 1/2-1/2

[Event "29th IND-ch U17 Girls 2018"]
[Site "Sonipat"]
[Date "2018.09.06"]
[Round "5"]
[White "Mrudul Dehankar"]
[Black "Adane, Narayani"]
[Result "1-0"]
[WhiteElo "2065"]
[BlackElo "1755"]
[Annotator "NA"]
[PlyCount "73"]
[EventDate "2018.09.05"]
[EventCountry "IND"]
[SourceTitle "playchess.com"]
[Source "ChessBase"]
[SourceQuality "1"]

1. e4 c5 2. Nf3 e6 3. d4 cxd4 4. Nxd4 a6 5. Bd3 Qc7 6. O-O Nf6 7. Qe2 d6 8. c4 g6 9. Nc3 Bg7 10. Nf3 Nc6 11. Bf4 O-O 12. Rfd1 e5 13. Be3 Bg4 14. Bc2 Rac8 15. Bb3 Rfe8 16. h3 Nd4 17. Bxd4 exd4 18. Rxd4 Bxf3 19. Qxf3 Nd7 20. Nd5 Qc5 21. Rd2 Ne5 22. Qd1 Nc6 23. Qc2 Nb4 24. Nxb4 Qxb4 25. a3 Qb6 26. Rad1 Be5 27. Rd3 Red8 28. Kh1 Qc6 29. Qe2 Kg7 30. Rf1 Re8 31. f4 Bf6 32. Rd5 Kg8 33. Rfd1 Rcd8 34. R1d2 b6 35. Qf3 Kg7 36. Qd3 h6 37. Rf2 1-0

[Event "29th IND-ch U17 Girls 2018"]
[Site "Sonipat"]
[Date "2018.09.06"]
[Round "5"]
[White "Jyothsna L"]
[Black "Tarini Goyal"]
[Result "1/2-1/2"]
[WhiteElo "1964"]
[BlackElo "2072"]
[Annotator "NA"]
[PlyCount "61"]
[EventDate "2018.09.05"]
[EventCountry "IND"]
[SourceTitle "playchess.com"]
[Source "ChessBase"]
[SourceQuality "1"]

1. b3 Nf6 2. Bb2 e6 3. e3 Be7 4. Nf3 b6 5. d4 Bb7 6. Bd3 d5 7. O-O O-O 8. Ne5 Nbd7 9. Nd2 Ne4 10. Nxe4 dxe4 11. Be2 f5 12. Bc4 Bd5 13. Bxd5 exd5 14. Nc6 Qe8 15. c4 Bd6 16. cxd5 Nf6 17. Ne5 b5 18. a4 b4 19. Qe2 Nxd5 20. Rac1 Qe6 21. f4 exf3 22. Rxf3 Bxe5 23. dxe5 Rad8 24. Qc4 Rfe8 25. Bd4 a5 26. h3 h6 27. Rcf1 Rf8 28. Rc1 Rfe8 29. Rc2 Kh7 30. Qd3 g6 31. Qc4 1/2-1/2

[Event "29th IND-ch U17 Girls 2018"]
[Site "Sonipat"]
[Date "2018.09.07"]
[Round "6"]
[White "Arpita, Mukherjee"]
[Black "Harshini A"]
[Result "1-0"]
[WhiteElo "2207"]
[BlackElo "2160"]
[Annotator "TA"]
[PlyCount "133"]
[EventDate "2018.09.05"]
[EventCountry "IND"]
[SourceTitle "playchess.com"]
[Source "ChessBase"]
[SourceQuality "1"]

{[%evp 18,133,27,16,23,28,23,20,46,43,51,7,54,16,30,21,65,53,75,71,71,57,77,62,109,113,120,110,121,110,103,99,116,116,116,122,119,103,80,68,59,43,45,39,39,43,71,67,89,64,62,63,70,38,70,58,105,93,105,105,130,136,166,159,345,330,337,330,408,413,602,546,508,266,1589,618,616,614,600,587,1450,1658,1404,1310,1130,392,12839,12837,12838,12839,12836,12841,12841,12841,12842,12842,12843,12841,12842,12839,12839,12839,12836,6544,12845,12845,12846,12846,12850,29983,12851,29985,12851,29986,12851,29987,12851,29987]} 1. e4 e5 2. Nf3 Nc6 3. Bb5 {[%cal Bf1b5,Bb5a4,Ba4b3][%mdl 32]} a6 4. Ba4 Nge7 5. c3 g6 6. d4 {C70: Ruy Lopez: 3...a6 4 Ba4, Norwegian and Delayed Schliemann} exd4 7. cxd4 b5 8. Bb3 Bg7 9. O-O O-O 10. Nc3 {LiveBook: 257 Games} d6 11. Nd5 (11. h3 Na5 12. Bc2 c5 13. dxc5 dxc5 14. Qxd8 Rxd8 {0-1 (65) Vachier Lagrave,M (2789)-Mamedyarov,S (2808) Leuven 2018}) 11... h6 12. Nxe7+ Nxe7 13. Be3 Kh7 14. Qd3 f5 $146 ({Predecessor:} 14... d5 15. e5 Bg4 16. Bd1 {½-½ (26) Vishnu,P (2341)-Saptarshi,R (2387) Bhiwani 2010}) 15. Bd2 {And now Ng5+ would win.} fxe4 16. Qxe4 d5 17. Qh4 {[#] Bg5 is the strong threat.} Nf5 18. Qxd8 Rxd8 19. Rac1 Ra7 20. Rfe1 c6 21. Ba5 Rd6 22. Bb4 Rd8 23. Bc5 Rb7 24. Ne5 Bd7 25. g4 Bxe5 26. Rxe5 Ng7 27. Re7 (27. f3 {with more complications.} h5 28. h3 Re8 29. Bd6 Kg8 30. Bc2) 27... Re8 28. Rxe8 Bxe8 29. Re1 Rf7 30. Bd6 Bd7 31. Bd1 Ne6 32. Be5 Ng5 33. f4 $36 {[%mdl 2048] White has good play.} Ne4 $1 34. Kg2 Kg8 35. h3 Be6 36. Bc2 Kh7 37. Bd3 Rf8 38. Rc1 Rc8 39. a4 Kg8 {[#]} 40. Ra1 $1 c5 $2 (40... h5 $16) 41. axb5 $18 axb5 42. dxc5 ({Not} 42. Bxb5 cxd4 43. Kf3 (43. Bxd4 Rc2+ 44. Kg1 h5 $18) 43... Nd2+ 44. Kg2 Ne4 $18) 42... Rxc5 43. Ra7 g5 (43... Rc6 $142 44. Rg7+ Kf8 45. Rxg6 Bd7) 44. f5 Bc8 45. f6 d4 $2 (45... Rc6 46. Bxb5 Rb6) 46. Bxd4 (46. f7+ $142 Kf8 47. Bh2 (47. Bxe4 Rxe5 48. Kf3 Be6 $11)) 46... Rd5 47. Bxe4 Rxd4 {[%mdl 4096] Endgame KRB-KRB} 48. Bg6 {Rg7+ would kill now.} Rd7 49. Rxd7 Bxd7 {KB-KB} 50. Kf3 b4 51. Ke4 Bc6+ $2 (51... Ba4) 52. Kd4 Bg2 53. Kc4 Bxh3 54. Bh5 Bg2 55. Kxb4 Bd5 56. Kc5 Bb3 57. Kd6 {Threatening mate with Ke7.} Kf8 58. Ke5 Kg8 59. Kf5 Kh7 60. Be8 Kg8 61. Kg6 Be6 62. Kxh6 Bxg4 63. Kxg5 Bf3 64. b4 (64. f7+ $18 Kf8 65. b4) 64... Kf8 65. Bd7 (65. f7 $18 Be2 66. Kf5) 65... Bb7 66. b5 Kf7 67. Bc6 {Precision: White = 66%, Black = 37%.} (67. b6 $18 Kg8 68. Kf5) 1-0

[Event "29th IND-ch U17 Girls 2018"]
[Site "Sonipat"]
[Date "2018.09.07"]
[Round "6"]
[White "Priyanka, Kumari"]
[Black "Bhagyashree Patil"]
[Result "1-0"]
[WhiteElo "2005"]
[BlackElo "1885"]
[Annotator "NA RC"]
[PlyCount "53"]
[EventDate "2018.09.05"]
[EventCountry "IND"]
[SourceTitle "playchess.com"]
[Source "ChessBase"]
[SourceQuality "1"]

1. e4 c5 2. Nf3 d6 3. d4 cxd4 4. Nxd4 Nf6 5. Nc3 a6 6. h3 e5 7. Nde2 Be7 8. g4 Be6 9. Bg2 h6 10. Ng3 g6 11. Be3 Nc6 12. Qd2 h5 13. g5 Nh7 14. h4 f6 15. gxf6 Nxf6 16. Nd5 Bxd5 17. exd5 Nb8 18. Qd3 Rg8 19. Bh3 Qa5+ 20. Bd2 Qb6 21. Be6 Rh8 22. Qxg6+ Kd8 23. O-O-O Nbd7 24. Bg5 Qxf2 25. Ne4 Qg2 26. Nxf6 Nxf6 27. Rhg1 1-0

[Event "29th IND-ch U17 Girls 2018"]
[Site "Sonipat"]
[Date "2018.09.07"]
[Round "6"]
[White "Ghosh Samriddhaa"]
[Black "Mrudul Dehankar"]
[Result "1/2-1/2"]
[WhiteElo "1904"]
[BlackElo "2065"]
[Annotator "NA RC"]
[PlyCount "60"]
[EventDate "2018.09.05"]
[EventCountry "IND"]
[SourceTitle "playchess.com"]
[Source "ChessBase"]
[SourceQuality "1"]

{[%evp 11,51,35,22,11,8,0,7,-19,-5,10,0,2,0,0,4,0,0,0,35,30,35,29,27,0,0,7,0,0,0,0,22,11,53,36,57,47,64,61,71,51,66,49]} 1. e4 c6 2. d4 d5 3. Nc3 dxe4 4. Nxe4 Bf5 5. Ng3 Bg6 6. h4 h6 7. Nf3 Nd7 8. h5 Bh7 9. Bd3 Bxd3 10. Qxd3 ({Bitte nicht} 10. cxd3 Ngf6 $15) 10... e6 11. Bd2 Ngf6 12. O-O-O Be7 13. Kb1 O-O 14. Ne4 Nxe4 {B19: Classical Caro-Kann: 4...Bf5 main line} (14... c5 15. g4 Nxg4 16. Qe2 Qb6 17. Ne5 Ndxe5 18. dxe5 f5 19. exf6 Nxf6 20. Nc3 Rad8 21. Rhg1 Kh8 22. Rg6 {½-½ (38) Saric,I (2662)-Nisipeanu,L (2672) Heraklio 2017}) 15. Qxe4 Nf6 16. Qe2 Qd5 17. Be3 Qb5 18. c4 Qf5+ 19. Qc2 {LiveBook: 3 Games} Qxc2+ 20. Kxc2 {[#]} Rfd8 $146 ({Predecessor:} 20... b5 21. Ne5 Rfc8 22. b3 {0-1 (36) Macieja,B (2550)-Swapnil,S (2533) chess.com INT 2018}) 21. Ne5 Ne4 22. g4 Rac8 23. f3 Nd6 24. b3 Bf6 $16 25. f4 Be7 26. Rhg1 Bf6 27. Rh1 Be7 28. Rhg1 Bf6 29. Rh1 Be7 30. Rhg1 Bf6 1/2-1/2

[Event "29th IND-ch U17 Girls 2018"]
[Site "Sonipat"]
[Date "2018.09.07"]
[Round "6"]
[White "Benasir M"]
[Black "Jyothsna L"]
[Result "0-1"]
[WhiteElo "1736"]
[BlackElo "1964"]
[Annotator "NA"]
[PlyCount "66"]
[EventDate "2018.09.05"]
[EventCountry "IND"]
[SourceTitle "playchess.com"]
[Source "ChessBase"]
[SourceQuality "1"]

{[%evp 8,44,37,27,22,40,17,23,39,17,19,11,17,-33,-3,-4,0,-4,18,10,20,-49,-58,-67,0,-108,-13,-104,-80,-168,-97,-117,-113,-125,-128,32767,32767,32767,-130]} 1. d4 d6 2. Nf3 g6 3. g3 f5 4. c4 Bg7 5. Nc3 Nf6 6. Bg2 O-O 7. O-O Qe8 8. e4 fxe4 9. Ng5 Nc6 {LiveBook: 6 Games A87: Dutch Defence: Leningrad System: 5 Nf3} 10. Nb5 (10. Be3 e5 11. d5 Bg4 12. Qd2 Nd4 13. Ncxe4 Nxe4 14. Bxe4 Nf3+ 15. Nxf3 Bxf3 16. Qd3 Qd7 17. Bxf3 Rxf3 {1-0 (48) Sulskis,S (2544)-Hansen,S (2288) Reykjavik 2011}) 10... Qd8 (10... Bg4 $5 {[%cal Rg4d1]} 11. Qb3 Qd7 $15) 11. Nxe4 $146 ({Predecessor:} 11. d5 Bg4 12. Qe1 Ne5 13. Nd4 Qc8 14. h3 Bd7 15. Nde6 Re8 16. g4 c6 17. Nxg7 Kxg7 18. Nxe4 cxd5 19. cxd5 {½-½ (52) Miskevicer,B (2089)-Deglmann,L (2349) Bayern 2010}) 11... Nxe4 12. Bxe4 a6 13. d5 $1 Ne5 14. Na3 Bh3 15. Bg2 Bf5 16. Qb3 (16. f4 $11 Nd3 17. g4 Nxc1 18. gxf5 Bxb2 19. Rxc1 Bxa3 20. fxg6 Bc5+ 21. Kh1 hxg6 22. Rc3) 16... Nd3 (16... Qd7 $17) 17. Nb1 (17. Be3 $1 $11 {keeps the balance.} Nxb2 {[#]} 18. Rab1 $1 {[%mdl 512]} Bxb1 19. Rxb1) 17... Bd4 18. Bf3 (18. Nd2 $17 {was called for.}) 18... Bxf2+ $17 (18... Ne5 $19 19. Bf4 Nxf3+ 20. Qxf3 Bxb2) 19. Rxf2 Nxc1 20. Qe3 Nd3 21. Re2 Ne5 22. Nd2 Bd3 23. Ree1 Qd7 24. b3 b6 25. Bg2 Bf5 26. Nf3 Nxf3+ 27. Bxf3 Rae8 28. Qg5 Bh3 29. Bg2 Bxg2 30. Kxg2 e5 31. dxe6 Rxe6 32. Qd5 Rfe8 33. Re4 c6 0-1

[Event "29th IND-ch U17 Girls 2018"]
[Site "Sonipat"]
[Date "2018.09.08"]
[Round "7"]
[White "Harshini A"]
[Black "Ghosh Samriddhaa"]
[Result "1/2-1/2"]
[WhiteElo "2160"]
[BlackElo "1904"]
[Annotator "TA"]
[PlyCount "86"]
[EventDate "2018.09.05"]
[EventCountry "IND"]
[SourceTitle "playchess.com"]
[Source "ChessBase"]
[SourceQuality "1"]

{[%evp 17,86,11,20,10,10,1,10,-9,3,4,0,0,0,0,0,-12,-14,-19,16,-21,-15,-44,-22,-28,-12,-17,-2,-2,-4,-14,-14,-36,-15,-14,-18,-30,0,0,0,0,66,59,84,76,84,84,84,84,84,82,82,56,56,56,56,56,56,56,56,56,56,56,56,56,56,56,56,54,54,54,54]} 1. Nf3 d5 2. g3 c6 3. Bg2 Bg4 4. d4 Nd7 5. Nbd2 Ngf6 6. b3 e6 7. Bb2 Bd6 8. O-O O-O 9. Ne5 Bf5 10. Ndf3 {D02: Damenbauernspiele} h6 11. c4 Qe7 (11... Ne4 12. Nd3 a5 13. a3 b5 14. Rc1 bxc4 15. bxc4 Rb8 16. c5 Bc7 17. Ba1 Rb5 18. Rb1 Rxb1 19. Qxb1 {1-0 (35) Ponomariov,R (2744)-Gajewski,G (2555) Warsaw 2010}) 12. Rc1 $146 {Die Stellung ist ausgeglichen.} ({Vorgänger:} 12. Qc1 Rac8 13. Rd1 Bh7 14. c5 Bb8 15. b4 Ne4 16. a4 f6 17. Nxd7 Qxd7 18. Nd2 f5 {0-1 (53) Webster,A (2330)-Levitt,J (2460) Dublin 1993}) 12... Rad8 13. e3 Ne4 14. Nxd7 Rxd7 15. Qe2 Bg4 16. c5 Bc7 17. Qe1 Bh5 18. a3 f5 {[%cal Bf7f5,Bf5f4][%mdl 32]} 19. Nd2 g5 20. f3 Nf6 {[%cal Be4f6,Bf6e8,Be8g7][%mdl 32]} 21. e4 f4 22. e5 Ne8 23. g4 Bg6 24. Kf2 Ng7 25. b4 h5 26. h3 Rb8 27. Nb3 Rdd8 28. Qc3 h4 ({Günstiger ist} 28... Kf7 $11) 29. Rfd1 Be8 30. Bf1 Qf7 31. Bd3 Rdc8 32. Bb1 Bd7 33. Qd3 {Droht Dh7+ und aus.} Ne8 34. Qg6+ (34. Qe2 {keeps more tension.} Bd8 35. a4 Nc7 36. Kg1 Qg7 37. Bc3) 34... Qxg6 {Weiß steht etwas besser.} 35. Bxg6 Ng7 36. Rc2 Kf8 37. Bd3 Kf7 38. Rb1 a6 39. a4 Bd8 40. Nc1 {[%cal Bb3c1,Bc1a2,Ba2c3][%mdl 32]} Ne8 41. Na2 Nc7 42. Nc3 Be7 43. Ba3 b5 {Precision: Weiß = 44%, Schwarz = 59%.} 1/2-1/2